Nové ukazatele stability neziskové organizace

Závažnosť transparentného financovania neziskových organizácií a ďalšie možnosti hodnotenia prípadným donorom. Konštrukcia dvoch ukazovateľov pre hodnotenie, ktoré bude ďalej verifikované pre väčší súbor organizácií.

Saved in:
Bibliographic Details
Main Author: Kostihová, Kristýna
Other Authors: Scholleová, Hana
Format: Book Chapter
Language:Czech
Subjects:
Tags: Add Tag
No Tags, Be the first to tag this record!

MARC

LEADER 00000nla a2200000 4500
001 0163293
005 20220504115415.3
041 0 |a cze 
044 |a CZ 
245 1 0 |a Nové ukazatele stability neziskové organizace  |c Kristýna Kostihová, Hana Scholleová 
520 |a Závažnosť transparentného financovania neziskových organizácií a ďalšie možnosti hodnotenia prípadným donorom. Konštrukcia dvoch ukazovateľov pre hodnotenie, ktoré bude ďalej verifikované pre väčší súbor organizácií. 
610 2 0 |a Česko 
610 2 0 |a organizácie neziskové 
610 2 0 |a organizácie nevládne 
610 2 0 |a štruktúra organizačná 
610 2 0 |a financovanie 
610 2 0 |a sponzorovanie 
610 2 0 |a výkazníctvo finančné 
610 2 0 |a zdroje finančné 
610 2 0 |a stabilita finančná 
100 1 |a Kostihová, Kristýna 
700 1 |a Scholleová, Hana